[Event "5th Essent op"]
[Site "Hoogeveen NED"]
[Date "2001.10.18"]
[Round "7.8"]
[White "Klenburg, Mikhail"]
[Black "Galkin, Alexander"]
[Result "1/2-1/2"]
[WhiteElo "2341"]
[BlackElo "2583"]
[EventDate "2001.10.12"]
[PlyCount "94"]

1.e4 c6 2.d3 d5 3.Nd2 e5 4.Ngf3 Bd6 5.g3 Nf6 6.Bg2 O-O 7.h3 Re8 8.O-O a5 
9.a4 Na6 10.b3 Qc7 11.Bb2 Nb4 12.Qb1 h6 13.Re1 Bd7 14.c3 Na6 15.Qc2 Rad8 
16.Rad1 Bc8 17.d4 exd4 18.Nxd4 dxe4 19.Nxe4 Nxe4 20.Rxe4 Rxe4 21.Qxe4 Be5 
22.Re1 Bxd4 23.cxd4 Be6 24.d5 Bxd5 25.Qg4 f5 26.Qxf5 Nc5 27.Bxd5+ cxd5 28.
Rc1 b6 29.Bd4 Qd6 30.Bxc5 bxc5 31.Qc2 Rc8 32.Qc3 Qa6 33.Qe5 Qc6 34.Qc3 Qc7
35.Re1 Kh8 36.Re6 d4 37.Qe1 Qf7 38.Qe5 Rf8 39.f4 Kh7 40.Qe4+ Kg8 41.Kf2 
Rd8 42.Ke1 Qh5 43.Re7 Kf8 44.Re5 Qxh3 45.Qf5+ Qxf5 46.Rxf5+ Ke7 47.Rxc5 
Rb8 1/2-1/2

[Event "5th Essent op"]
[Site "Hoogeveen NED"]
[Date "2001.10.18"]
[Round "7.12"]
[White "Gofshtein, Leonid D"]
[Black "Boersma, Jan"]
[Result "1-0"]
[WhiteElo "2513"]
[BlackElo "2193"]
[EventDate "2001.10.12"]
[PlyCount "75"]

1.e4 e6 2.d4 d5 3.Nc3 Nf6 4.e5 Nfd7 5.f4 c5 6.Nf3 Nc6 7.Be3 a6 8.Qd2 b5 9.
Bd3 Qb6 10.dxc5 Bxc5 11.Bxc5 Nxc5 12.Qf2 b4 13.Ne2 a5 14.O-O Ba6 15.Kh1 g6
16.b3 Rb8 17.Bxa6 Nxa6 18.Qh4 Nc5 19.Ng3 Qd8 20.Qh6 Qe7 21.Rac1 Kd7 22.c4 
bxc3 23.Rxc3 Nb4 24.a3 Nbd3 25.Nd4 Rhc8 26.h3 Nb2 27.Qxh7 Ncd3 28.Rxc8 
Rxc8 29.Nb5 a4 30.Nd6 axb3 31.Nxc8 Kxc8 32.Rb1 Qc7 33.Kh2 g5 34.fxg5 Qxe5 
35.Qg8+ Kb7 36.Qxf7+ Ka6 37.g6 Ne1 38.g7 1-0

[Event "5th Essent op"]
[Site "Hoogeveen NED"]
[Date "2001.10.18"]
[Round "7.13"]
[White "Markus, John Raymond"]
[Black "Stellwagen, Daniel"]
[Result "0-1"]
[WhiteElo "2253"]
[BlackElo "2384"]
[EventDate "2001.10.12"]
[PlyCount "94"]

1.e4 c5 2.Nf3 e6 3.c3 Nf6 4.e5 Nd5 5.d4 cxd4 6.cxd4 b6 7.Nc3 Nxc3 8.bxc3 
Qc7 9.Bd2 d6 10.Bd3 Bb7 11.O-O Nd7 12.Re1 dxe5 13.Nxe5 Nxe5 14.Rxe5 Bd6 
15.Bb5+ Bc6 16.Qf3 Rc8 17.Bxc6+ Qxc6 18.d5 Qb7 19.Rh5 g6 20.Qf6 Rf8 21.
Rxh7 Qxd5 22.Bg5 Qe5 23.Rd1 Qxf6 24.Bxf6 Be7 25.Bg7 Rg8 26.Bd4 Rd8 27.Rb1 
Rd5 28.Kf1 Bd6 29.Be3 Ra5 30.c4 Bc5 31.Rb5 Rxb5 32.cxb5 Bxe3 33.fxe3 g5 
34.e4 Ke7 35.Ke2 Rc8 36.Kd3 Kf6 37.Rh3 Rc5 38.Rf3+ Kg6 39.a4 Rc1 40.Kd4 
Ra1 41.Ke5 Rxa4 42.Rb3 Ra2 43.Kd6 Rxg2 44.Ra3 Rc2 45.Rxa7 Rc5 46.Ke7 Rxb5 
47.Kf8 f5 0-1

[Event "5th Essent op"]
[Site "Hoogeveen NED"]
[Date "2001.10.18"]
[Round "7.14"]
[White "Van der Wiel, John"]
[Black "Klinova, Masha"]
[Result "1-0"]
[WhiteElo "2495"]
[BlackElo "2407"]
[EventDate "2001.10.12"]
[PlyCount "71"]

1.e4 d6 2.d4 e5 3.dxe5 dxe5 4.Qxd8+ Kxd8 5.Bc4 Be6 6.Bxe6 fxe6 7.Be3 Nf6 
8.f3 Nc6 9.Nd2 Bd6 10.Nh3 Ke7 11.Nf2 Rad8 12.c3 h6 13.Ke2 Rd7 14.Nd3 Rhd8 
15.Rhd1 a6 16.c4 Ke8 17.c5 Bf8 18.Nc4 Nd4+ 19.Bxd4 Rxd4 20.Ncxe5 Nd7 21.
Nxd7 R8xd7 22.Rac1 Rd8 23.Nf4 Kf7 24.Rxd4 Rxd4 25.Nd3 g5 26.b3 a5 27.c6 b6
28.Ne5+ Ke8 29.Nd7 Bb4 30.Rd1 Rd6 31.Rxd6 cxd6 32.Nxb6 Kd8 33.Nd7 Kc7 34.
Nf8 e5 35.Kd3 Kxc6 36.Kc4 1-0

[Event "5th Essent op"]
[Site "Hoogeveen NED"]
[Date "2001.10.18"]
[Round "7.15"]
[White "Visser, Yge"]
[Black "Bertholee, Rob"]
[Result "1-0"]
[WhiteElo "2453"]
[BlackElo "2382"]
[EventDate "2001.10.12"]
[PlyCount "145"]

1.e4 c5 2.d3 Nc6 3.g3 d5 4.Nd2 Nf6 5.Bg2 e5 6.Ngf3 Be6 7.O-O dxe4 8.dxe4 
Nd7 9.c3 c4 10.Qe2 Na5 11.b4 cxb3 12.axb3 Qc7 13.Ng5 Qxc3 14.Nxe6 fxe6 15.
Ra2 Nc6 16.Bb2 Nd4 17.Qh5+ g6 18.Bxc3 gxh5 19.Bxd4 exd4 20.e5 Nxe5 21.Bxb7
Rb8 22.Rxa7 Bc5 23.Ra5 Bb4 24.Rxe5 Rxb7 25.Nf3 Bc3 26.Rxe6+ Kf7 27.Re4 d3 
28.Re3 Rd8 29.Rd1 Rbd7 30.Kf1 Kf6 31.h4 Kf5 32.Ne1 Bxe1 33.Kxe1 Kg4 34.Kd2
Rf8 35.Ke1 Rf3 36.Rxf3 Kxf3 37.b4 Re7+ 38.Kf1 Rd7 39.Ke1 Re7+ 40.Kf1 Rd7 
41.Rd2 Ke4 42.Ke1 Kd4 43.Ra2 Rb7 44.Ra4 Kc3 45.Ra3+ Kc2 46.Ra2+ Kc1 47.
Ra1+ Kc2 48.Ra2+ Kb3 49.Ra8 Rxb4 50.Kd2 Kc4 51.Ke3 Kc3 52.Ra3+ Kc4 53.Rxd3
Rb7 54.Rd6 Re7+ 55.Kf3 Rf7+ 56.Kg2 Kc5 57.Rh6 Kd5 58.Rxh5+ Ke6 59.Ra5 Kf6 
60.g4 Kg6 61.Ra6+ Kg7 62.Kg3 Rb7 63.h5 h6 64.Rg6+ Kh7 65.Re6 Kg7 66.f3 Ra7
67.Kf4 Ra3 68.Ke4 Ra1 69.f4 Rb1 70.Re7+ Kg8 71.Kf5 Rb5+ 72.Re5 Rb6 73.Re6 
1-0

[Event "5th Essent op"]
[Site "Hoogeveen NED"]
[Date "2001.10.18"]
[Round "7.16"]
[White "Afek, Yochanan"]
[Black "Peek, Maurice"]
[Result "0-1"]
[WhiteElo "2369"]
[BlackElo "2309"]
[EventDate "2001.10.12"]
[PlyCount "114"]

1.e4 d5 2.exd5 Nf6 3.c4 c6 4.d4 cxd5 5.Nc3 g6 6.Qb3 Bg7 7.cxd5 O-O 8.Be2 
Re8 9.Bf4 e6 10.d6 Nc6 11.Nf3 Nh5 12.Be5 f6 13.g4 fxe5 14.gxh5 exd4 15.Nb5
Rf8 16.Nc7 Rb8 17.Nxe6 Bxe6 18.Qxe6+ Kh8 19.hxg6 d3 20.Qh3 h6 21.Bxd3 Qxd6
22.Rd1 Qf4 23.O-O Qxf3 24.Qxf3 Rxf3 25.Be4 Rf4 26.f3 Bxb2 27.Rd7 Bg7 28.
Rb1 Ne5 29.Rdxb7 Rxb7 30.Rxb7 Nxf3+ 31.Bxf3 Rxf3 32.Kg2 Rf6 33.Rxa7 Rxg6+ 
34.Kh3 Re6 35.a4 Re2 36.a5 Kh7 37.Kg3 Kg6 38.h3 Ra2 39.a6 Ra3+ 40.Kg2 h5 
41.Ra8 h4 42.Ra7 Bf6 43.Ra8 Kf5 44.a7 Be7 45.Kf1 Ke4 46.Kg2 Ra2+ 47.Kf1 
Ke3 48.Rb8 Rxa7 49.Rb3+ Kf4 50.Kg2 Ra2+ 51.Kh1 Ke4 52.Rb7 Bd6 53.Rb3 Bf4 
54.Kg1 Be3+ 55.Kh1 Kf3 56.Rc3 Re2 57.Rc4 Re1+ 0-1

[Event "5th Essent op"]
[Site "Hoogeveen NED"]
[Date "2001.10.18"]
[Round "7.19"]
[White "Rooda, Kai P"]
[Black "Span, Paul"]
[Result "0-1"]
[WhiteElo "2176"]
[BlackElo "2223"]
[EventDate "2001.10.12"]
[PlyCount "86"]

1.d4 Nf6 2.Nf3 e6 3.c4 b6 4.e3 Bb7 5.Bd3 d5 6.O-O Be7 7.Nc3 O-O 8.cxd5 
Nxd5 9.Nxd5 Bxd5 10.e4 Bb7 11.Qc2 Nc6 12.a3 Nxd4 13.Nxd4 Qxd4 14.Be3 Qd7 
15.e5 g6 16.Rfd1 Bd5 17.Ba6 c5 18.a4 Qc7 19.f4 Rfd8 20.a5 Bb7 21.axb6 axb6
22.Bb5 Bc6 23.Qc4 Rxa1 24.Rxa1 Qd7 25.Bxc6 Qxc6 26.Ra6 Ra8 27.Kf2 Qb7 28.
Rxa8+ Qxa8 29.Qb5 Qd8 30.Qc6 h5 31.g3 h4 32.gxh4 Bxh4+ 33.Ke2 Kg7 34.b4 
cxb4 35.Qxb6 Qxb6 36.Bxb6 Be7 37.Kd3 Kh6 38.h3 Kh5 39.Bf2 Bh4 40.Bc5 b3 
41.Kc3 Bg3 42.Kxb3 Bxf4 43.Bd4 Kg5 0-1

[Event "5th Essent op"]
[Site "Hoogeveen NED"]
[Date "2001.10.18"]
[Round "7.22"]
[White "Van der Veen, Jan"]
[Black "Cako, Laszlo"]
[Result "1-0"]
[WhiteElo "2135"]
[BlackElo "2131"]
[EventDate "2001.10.12"]
[PlyCount "47"]

1.e4 e5 2.Nf3 Nc6 3.d4 exd4 4.Bc4 Nf6 5.e5 d5 6.Bb5 Ne4 7.Nxd4 Bc5 8.Be3 
Qh4 9.O-O O-O 10.Nxc6 Bxe3 11.fxe3 bxc6 12.Bxc6 Qh6 13.Bxa8 Qxe3+ 14.Kh1 
Ba6 15.Rf3 Rxa8 16.Rxe3 Nf2+ 17.Kg1 Nxd1 18.Ra3 Bc4 19.b3 Ne3 20.bxc4 Nxc2
21.cxd5 Nxa1 22.Rc3 Rb8 23.Na3 Rb2 24.d6 1-0

[Event "5th Essent op"]
[Site "Hoogeveen NED"]
[Date "2001.10.18"]
[Round "7.23"]
[White "Dvoirys, Semen I"]
[Black "Epishin, Vladimir"]
[Result "1/2-1/2"]
[WhiteElo "2582"]
[BlackElo "2583"]
[EventDate "2001.10.12"]
[PlyCount "69"]

1.e4 c5 2.Nf3 e6 3.d4 cxd4 4.Nxd4 a6 5.Nd2 d6 6.Bd3 Nf6 7.O-O Be7 8.f4 O-O
9.Kh1 Nbd7 10.c3 e5 11.fxe5 dxe5 12.Nf5 Nc5 13.Bc2 Bxf5 14.Rxf5 g6 15.Rf1 
Qc7 16.Qe2 Qc6 17.Nf3 Rfe8 18.Nxe5 Qe6 19.Nxf7 Qxf7 20.b4 Kg7 21.bxc5 Bxc5
22.Qf3 Rf8 23.Bb2 Bd6 24.g3 Be5 25.Ba3 Rfd8 26.Bb3 Qe8 27.Rae1 Rac8 28.Re3
h5 29.Bd5 b5 30.Bb4 Qd7 31.Ba5 Rf8 32.Bb4 Rfd8 33.Ba5 Rf8 34.Bb4 Rfd8 35.
Ba5 1/2-1/2

[Event "5th Essent op"]
[Site "Hoogeveen NED"]
[Date "2001.10.19"]
[Round "8.1"]
[White "Peng, Zhaoqin"]
[Black "Wuts, Frank"]
[Result "0-1"]
[WhiteElo "2443"]
[BlackElo "2297"]
[EventDate "2001.10.12"]
[PlyCount "86"]

1.d4 b5 2.e4 Bb7 3.Bxb5 Bxe4 4.Nf3 Nf6 5.O-O e6 6.c4 c6 7.Ba4 Bb4 8.a3 Ba5
9.b4 Bc7 10.Nc3 O-O 11.Bg5 Bg6 12.Ne5 a5 13.Qf3 axb4 14.axb4 Bf5 15.h3 Ra6
16.Rfe1 Bd6 17.c5 Be7 18.Nc4 Qc7 19.Bf4 Qa7 20.Na5 Bd8 21.Bd6 Bxa5 22.bxa5
Rc8 23.Be5 Ne8 24.Ra2 Rxa5 25.g4 Bg6 26.h4 f6 27.Bg3 Na6 28.Rb2 Qa8 29.h5 
Bf7 30.Bc2 Nac7 31.g5 f5 32.h6 Ra3 33.Re3 Rb8 34.Rb6 Qa7 35.Rxb8 Qxb8 36.
Kh2 Qb2 37.Bd1 Bh5 38.Qxh5 Rxc3 39.Re2 Qc1 40.Ra2 g6 41.Qe2 Qxg5 42.Kg2 f4
43.Qd2 Qd5+ 0-1

[Event "5th Essent op"]
[Site "Hoogeveen NED"]
[Date "2001.10.19"]
[Round "8.2"]
[White "Jens, Jelmer"]
[Black "Klenburg, Mikhail"]
[Result "1/2-1/2"]
[WhiteElo "2318"]
[BlackElo "2341"]
[EventDate "2001.10.12"]
[PlyCount "37"]

1.e4 d6 2.d4 Nf6 3.Nc3 g6 4.g3 Bg7 5.Bg2 O-O 6.Nge2 e5 7.h3 c6 8.a4 exd4 
9.Nxd4 a5 10.O-O Na6 11.Re1 Re8 12.Bg5 Nc5 13.Qd2 Qb6 14.Rad1 Qxb2 15.Rb1 
Qa3 16.Ra1 Qb4 17.Rab1 Qa3 18.Ra1 Qb4 19.Rab1 1/2-1/2

[Event "5th Essent op"]
[Site "Hoogeveen NED"]
[Date "2001.10.19"]
[Round "8.3"]
[White "Van der Weide, Karel"]
[Black "Bertholee, Rob"]
[Result "1-0"]
[WhiteElo "2457"]
[BlackElo "2382"]
[EventDate "2001.10.12"]
[PlyCount "63"]

1.e4 e6 2.d4 d5 3.Nc3 Nf6 4.e5 Nfd7 5.f4 c5 6.Nf3 a6 7.Be3 Qb6 8.Na4 Qa5+ 
9.c3 cxd4 10.b4 Qc7 11.Qxd4 Nc6 12.Qd2 b5 13.Nb2 f6 14.a4 bxa4 15.exf6 
Nxf6 16.Bd3 Ne4 17.Bxe4 dxe4 18.Ng5 a5 19.Rxa4 Qb7 20.O-O axb4 21.Rxa8 
Qxa8 22.Nc4 Qb8 23.Nxe4 b3 24.f5 Be7 25.Ncd6+ Kf8 26.f6 Bxf6 27.Nxf6 gxf6 
28.Rxf6+ Kg8 29.Bh6 Qa7+ 30.Qf2 Qa1+ 31.Qf1 b2 32.Rf8# 1-0

[Event "5th Essent op"]
[Site "Hoogeveen NED"]
[Date "2001.10.19"]
[Round "8.4"]
[White "Hulshof, Peter"]
[Black "Markus, John Raymond"]
[Result "1-0"]
[WhiteElo "2200"]
[BlackElo "2253"]
[EventDate "2001.10.12"]
[PlyCount "75"]

1.e4 e5 2.Nf3 Nc6 3.Bb5 a6 4.Bxc6 dxc6 5.O-O Bg4 6.h3 h5 7.c3 Qf6 8.d4 
Bxf3 9.Qxf3 Qxf3 10.gxf3 exd4 11.cxd4 O-O-O 12.Be3 Ne7 13.Nd2 g5 14.Rfd1 
Rg8 15.Kf1 f5 16.Nb3 g4 17.hxg4 hxg4 18.Ke2 gxf3+ 19.Kxf3 fxe4+ 20.Kxe4 
Nd5 21.Rg1 Re8+ 22.Kf3 Bg7 23.Ke2 b6 24.Rg4 Bf6 25.Rxg8 Rxg8 26.Rh1 a5 27.
a3 a4 28.Nd2 Re8 29.Kd3 c5 30.dxc5 Bxb2 31.Nc4 Bf6 32.cxb6 cxb6 33.Nd6+ 
Kd7 34.Nxe8 Kxe8 35.Kc4 Nxe3+ 36.fxe3 Be7 37.Rh8+ Kd7 38.Rh7 1-0

[Event "5th Essent op"]
[Site "Hoogeveen NED"]
[Date "2001.10.19"]
[Round "8.6"]
[White "Gurevich, Mikhail"]
[Black "Epishin, Vladimir"]
[Result "1-0"]
[WhiteElo "2605"]
[BlackElo "2583"]
[EventDate "2001.10.12"]
[PlyCount "175"]

1.d4 Nf6 2.c4 e6 3.Nc3 Bb4 4.Qc2 O-O 5.a3 Bxc3+ 6.Qxc3 b6 7.Bg5 Bb7 8.f3 
d6 9.Nh3 Nbd7 10.e4 h6 11.Be3 c5 12.O-O-O cxd4 13.Qxd4 d5 14.e5 Ne8 15.Kb1
Nc7 16.Nf4 Qe8 17.Bd3 Rd8 18.Bc2 dxc4 19.Qxc4 Nd5 20.Qd3 f5 21.exf6 N7xf6 
22.Ng6 Nxe3 23.Qxe3 Rxd1+ 24.Rxd1 Rf7 25.Bb3 Bc8 26.h4 Rc7 27.Nf4 Kh8 28.
Re1 Nh5 29.Ka2 Nxf4 30.Qxf4 Qd8 31.g4 Bb7 32.Rd1 Bd5 33.Bxd5 exd5 34.g5 
Rc6 35.Ka1 Rd6 36.Qe5 Kg8 37.gxh6 Rxh6 38.Rxd5 Qxh4 39.Rd7 Qf6 40.Qd5+ Kh7
41.Rxa7 Rh2 42.Qd3+ Kh6 43.Qb3 Re2 44.Rb7 Re6 45.Ka2 g6 46.Qd1 Qe5 47.Qc1+
Qe3 48.Qh1+ Kg5 49.Rf7 Qd2 50.f4+ Kg4 51.Qg1+ Kf3 52.f5 Qd5+ 53.Ka1 Re1+ 
54.Qxe1 Qxf7 55.Qc3+ Kf4 56.fxg6 Qxg6 57.Qd4+ Kf3 58.Qd5+ Kf4 59.Ka2 Qg1 
60.Kb3 Qe3+ 61.Kb4 Qe1+ 62.Kb3 Qe3+ 63.Kc2 Kg4 64.Qd7+ Kh4 65.Qd3 Qc5+ 66.
Kb3 Qf2 67.Qc3 Kh5 68.Ka4 Qe2 69.Qh8+ Kg6 70.Qg8+ Kh6 71.Qf8+ Kh5 72.Qf7+ 
Kg5 73.Qd5+ Kf6 74.Qd6+ Kf7 75.Qxb6 Qc4+ 76.Qb4 Qa6+ 77.Kb3 Qd3+ 78.Ka2 
Qf1 79.Qb3+ Ke7 80.Qd5 Qh3 81.a4 Qg4 82.Ka3 Qg3+ 83.b3 Qc3 84.a5 Qa1+ 85.
Kb4 Qe1+ 86.Kb5 Qe2+ 87.Kb6 Kf8 88.a6 1-0

[Event "5th Essent op"]
[Site "Hoogeveen NED"]
[Date "2001.10.19"]
[Round "8.7"]
[White "Veneman, Henry J"]
[Black "Rooda, Kai P"]
[Result "0-1"]
[WhiteElo "2185"]
[BlackElo "2176"]
[EventDate "2001.10.12"]
[PlyCount "112"]

1.e4 Nc6 2.Nf3 d6 3.d4 Nf6 4.Nc3 Bg4 5.Be3 e6 6.h3 Bh5 7.d5 exd5 8.exd5 
Bxf3 9.Qxf3 Ne5 10.Qe2 a6 11.f4 Ned7 12.O-O-O Qe7 13.Qf3 O-O-O 14.Bd3 Re8 
15.Rhe1 Qd8 16.Bf2 g6 17.Rxe8 Nxe8 18.Qe2 Nc5 19.Bxc5 dxc5 20.Be4 Bd6 21.
g3 Nf6 22.Qf2 Re8 23.Bg2 Qe7 24.Kd2 h5 25.h4 Ng4 26.Bh3 f5 27.Bxg4 hxg4 
28.Re1 Qxe1+ 29.Qxe1 Rxe1 30.Kxe1 c4 31.Ke2 Bb4 32.Nd1 Kd7 33.b3 cxb3 34.
axb3 Bc5 35.c4 Kd6 36.Nb2 Bd4 37.Nd3 a5 38.Kd2 Bf6 39.Ke3 b5 40.Kd2 a4 41.
bxa4 bxc4 42.Nb4 Kc5 43.Na6+ Kxd5 44.Nxc7+ Kc5 45.Na6+ Kd4 46.Nb4 c3+ 47.
Ke2 Kc4 48.Nd3 Bd8 49.Nc1 Bb6 50.Kd1 Bf2 51.a5 Bxg3 52.a6 Bf2 53.Kc2 g3 
54.Nd3 g2 55.Ne5+ Kb5 56.Nf3 Kxa6 0-1

[Event "5th Essent op"]
[Site "Hoogeveen NED"]
[Date "2001.10.19"]
[Round "8.9"]
[White "Hendriks, Richard V"]
[Black "Plasman, Hans"]
[Result "1/2-1/2"]
[WhiteElo "2113"]
[BlackElo "2217"]
[EventDate "2001.10.12"]
[PlyCount "41"]

1.c4 Nf6 2.Nc3 e6 3.Nf3 d5 4.d4 Nbd7 5.cxd5 exd5 6.Bg5 Be7 7.e3 O-O 8.Bd3 
c6 9.Qc2 Re8 10.O-O Nf8 11.h3 g6 12.Bxf6 Bxf6 13.b4 Be6 14.a4 Rc8 15.Rfc1 
Qd6 16.Qb3 Nd7 17.Ne2 Be7 18.b5 c5 19.dxc5 Nxc5 20.Qd1 Bf6 21.Nfd4 1/2-1/2

[Event "5th Essent op"]
[Site "Hoogeveen NED"]
[Date "2001.10.19"]
[Round "8.11"]
[White "Stellwagen, Daniel"]
[Black "Mulyar, Michael A"]
[Result "1/2-1/2"]
[WhiteElo "2384"]
[BlackElo "2428"]
[EventDate "2001.10.12"]
[PlyCount "67"]

1.e4 e5 2.Nf3 Nc6 3.Bb5 a6 4.Ba4 Nf6 5.O-O b5 6.Bb3 Bc5 7.d3 d6 8.a4 Rb8 
9.h3 h6 10.Be3 O-O 11.Nbd2 Bxe3 12.fxe3 Be6 13.axb5 axb5 14.Qe1 d5 15.exd5
Nxd5 16.Ne4 f5 17.Nc5 Bf7 18.e4 Nf4 19.exf5 Qe7 20.Ne6 Nxe6 21.fxe6 Bxe6 
22.Qc3 Qd6 23.Ra6 Rb6 24.Rxb6 cxb6 25.Bxe6+ Qxe6 26.Re1 b4 27.Qd2 Qd5 28.
Re4 Rd8 29.Qe3 b3 30.cxb3 Qxd3 31.Qxd3 Rxd3 32.Nxe5 Nxe5 33.Rxe5 Rxb3 34.
Re2 1/2-1/2

[Event "5th Essent op"]
[Site "Hoogeveen NED"]
[Date "2001.10.19"]
[Round "8.12"]
[White "Goloshchapov, Alexander"]
[Black "Magomedov, Magaram"]
[Result "1-0"]
[WhiteElo "2550"]
[BlackElo "2608"]
[EventDate "2001.10.12"]
[PlyCount "106"]

1.e4 e5 2.Nf3 Nc6 3.Bb5 a6 4.Ba4 Nf6 5.O-O Be7 6.Re1 b5 7.Bb3 d6 8.c3 O-O 
9.h3 Na5 10.Bc2 c5 11.d4 cxd4 12.cxd4 Bb7 13.Nbd2 exd4 14.Nxd4 Re8 15.b3 
Bf8 16.Bb2 g6 17.Qf3 Bg7 18.Rad1 Rc8 19.Bb1 Nd7 20.Nf1 Qh4 21.Ng3 Be5 22.
Ndf5 gxf5 23.Nxf5 Qf4 24.Bxe5 Qxe5 25.Qg4+ Kf8 26.f4 Qc5+ 27.Kh1 Re6 28.
Qg7+ Ke8 29.e5 d5 30.Nd6+ Kd8 31.Nxf7+ Kc7 32.Rc1 Nc4 33.bxc4 bxc4 34.Nd6 
Rxd6 35.exd6+ Qxd6 36.Bf5 Bc6 37.Re6 Qc5 38.Re7 Rd8 39.Qe5+ Qd6 40.Rd1 
Qxe5 41.fxe5 Kb6 42.Bxd7 Bxd7 43.Rxd5 c3 44.Rf7 c2 45.Rf1 Rf8 46.Rc1 Ba4 
47.Rd2 Re8 48.Re2 Kb5 49.Kh2 Kb4 50.Re3 Rc8 51.e6 Rc3 52.Rf3 Bc6 53.Rf2 
Ba4 1-0

[Event "5th Essent op"]
[Site "Hoogeveen NED"]
[Date "2001.10.19"]
[Round "8.14"]
[White "Dvoirys, Semen I"]
[Black "Jonkman, Harmen"]
[Result "1/2-1/2"]
[WhiteElo "2582"]
[BlackElo "2491"]
[EventDate "2001.10.12"]
[PlyCount "47"]

1.e4 e5 2.Nf3 Nc6 3.Bb5 Nf6 4.O-O Nxe4 5.d4 Nd6 6.Bxc6 dxc6 7.dxe5 Nf5 8.
Qxd8+ Kxd8 9.Nc3 Bd7 10.Rd1 Kc8 11.Ng5 Be8 12.Ne2 b6 13.Ng3 Nxg3 14.hxg3 
Be7 15.f3 Bxg5 16.Bxg5 Bd7 17.Kf2 Re8 18.Bf4 h5 19.Rh1 g6 20.Rae1 Bf5 21.
Re2 Rd8 22.Bg5 Rd5 23.Bf6 a5 24.a4 1/2-1/2

[Event "5th Essent op"]
[Site "Hoogeveen NED"]
[Date "2001.10.19"]
[Round "8.15"]
[White "Peek, Maurice"]
[Black "Guliev, Sarhan"]
[Result "0-1"]
[WhiteElo "2309"]
[BlackElo "2489"]
[EventDate "2001.10.12"]
[PlyCount "70"]

1.d4 d5 2.c4 c6 3.g3 dxc4 4.Bg2 Nf6 5.Nf3 b5 6.a4 Bb7 7.Ne5 a6 8.b3 cxb3 
9.axb5 axb5 10.Rxa8 Bxa8 11.Qxb3 e6 12.Bb2 Bd6 13.O-O O-O 14.Nc3 Nd5 15.
Ne4 Bxe5 16.dxe5 Nd7 17.Rd1 Qb8 18.Nd6 c5 19.Qxb5 Qxb5 20.Nxb5 Rb8 21.Ra1 
Bc6 22.Na7 Rxb2 23.Nxc6 N5b6 24.Kf1 g5 25.f4 gxf4 26.gxf4 c4 27.Kf2 Nc5 
28.Ra5 Nb3 29.Rb5 c3 30.Nb4 Na4 31.Rb8+ Kg7 32.f5 exf5 33.Nc6 Nd4 34.Rc8 
Nb6 35.Rc7 Ne6 0-1

[Event "5th Essent op"]
[Site "Hoogeveen NED"]
[Date "2001.10.19"]
[Round "8.19"]
[White "Archangelsky, Mikhail"]
[Black "Span, Paul"]
[Result "1/2-1/2"]
[WhiteElo "2395"]
[BlackElo "2223"]
[EventDate "2001.10.12"]
[PlyCount "109"]

1.e4 e6 2.d3 d5 3.Qe2 dxe4 4.dxe4 e5 5.Nf3 Nc6 6.c3 a5 7.Qc2 Bd6 8.Bb5 Ne7
9.Be3 O-O 10.Nbd2 Bd7 11.a4 Ng6 12.Nc4 Qe7 13.Nxd6 Qxd6 14.O-O Qe7 15.h3 
Nd8 16.Rfd1 Bxb5 17.axb5 Ne6 18.Rd5 Nef4 19.Bc5 Qf6 20.Bxf8 Nxd5 21.Bxg7 
Qxg7 22.exd5 Nf4 23.Nh4 Nxh3+ 24.Kf1 Qg4 25.Nf5 Qc4+ 26.Qe2 Qxe2+ 27.Kxe2 
Nf4+ 28.Kf3 Nxd5 29.Ke4 Nf6+ 30.Kxe5 Ng4+ 31.Kd5 Nxf2 32.Kc4 Ne4 33.Re1 
Re8 34.Ra1 Re5 35.Nd4 b6 36.Nc6 Nd6+ 37.Kd4 Rxb5 38.b4 axb4 39.cxb4 Rg5 
40.Ra2 Kg7 41.Rf2 Nf5+ 42.Ke4 Nh4 43.Nd8 f5+ 44.Ke5 Rg4 45.Ne6+ Kg6 46.b5 
Rg3 47.Nf4+ Kf7 48.Rc2 Ng6+ 49.Kxf5 Nxf4 50.Rxc7+ Kg8 51.Kxf4 Rxg2 52.Rb7 
Rg6 53.Kf5 Rh6 54.Kg5 Rd6 55.Kg4 1/2-1/2

[Event "5th Essent op"]
[Site "Hoogeveen NED"]
[Date "2001.10.19"]
[Round "8.20"]
[White "Boersma, Jan"]
[Black "Van Doeland, Julius"]
[Result "1/2-1/2"]
[WhiteElo "2193"]
[BlackElo "2292"]
[EventDate "2001.10.12"]
[PlyCount "133"]

1.Nc3 g6 2.e4 Bg7 3.g3 c5 4.Bg2 Nc6 5.d3 d6 6.f4 e6 7.Nf3 Nge7 8.O-O O-O 
9.Be3 Nd4 10.Bf2 f5 11.Rb1 Rb8 12.Ne2 Nxf3+ 13.Bxf3 b6 14.c3 Bb7 15.Bg2 
Kh8 16.a3 Qd7 17.b4 Rfd8 18.Qb3 Ba6 19.b5 Bb7 20.Rfe1 Re8 21.a4 Rbd8 22.
Rbd1 Qc8 23.c4 Ng8 24.h3 Nf6 25.Qc2 Qa8 26.Nc3 Rd7 27.Kh2 Rde7 28.Bh1 e5 
29.fxe5 Rxe5 30.Nd5 Bxd5 31.cxd5 fxe4 32.dxe4 Qc8 33.g4 Qd8 34.Bg3 R5e7 
35.e5 dxe5 36.d6 Rf7 37.Bc6 Ref8 38.Kg2 Nd7 39.Rf1 Rxf1 40.Rxf1 Rxf1 41.
Kxf1 Qf6+ 42.Qf2 Qxd6 43.Qf7 Qf8 44.Qxf8+ Nxf8 45.Ke2 Ne6 46.Ke3 Kg8 47.
Bd5 Kf7 48.Ke4 Ke7 49.h4 Kd6 50.Bc4 g5 51.h5 Nf4 52.Bg8 h6 53.Bc4 Ke7 54.
Kf5 Bf6 55.Ke4 Kd6 56.Kf5 Bd8 57.Ke4 Bf6 58.Kf5 Be7 59.Ke4 Bd8 60.Kf5 Bc7 
61.Ke4 Ke7 62.Bxf4 exf4 63.Kf5 f3 64.Ke4 f2 65.Kd5 Kd7 66.Bf1 Bf4 67.Be2 
1/2-1/2

[Event "5th Essent op"]
[Site "Hoogeveen NED"]
[Date "2001.10.19"]
[Round "8.22"]
[White "Potze, Rudolf"]
[Black "Van der Veen, Jan"]
[Result "1-0"]
[WhiteElo "2145"]
[BlackElo "2135"]
[EventDate "2001.10.12"]
[PlyCount "93"]

1.e4 e5 2.Nf3 Nc6 3.Bb5 Nf6 4.O-O Nxe4 5.d4 a6 6.Ba4 b5 7.Bb3 d5 8.dxe5 
Be6 9.Nbd2 Nc5 10.c3 Bg4 11.h3 Bh5 12.Qe1 Bg6 13.Qe3 Ne6 14.Nd4 Ncxd4 15.
cxd4 c5 16.dxc5 Bxc5 17.Qf3 Nd4 18.Qxd5 Qxd5 19.Bxd5 Rd8 20.Be4 Ne2+ 21.
Kh2 Bd4 22.Bxg6 hxg6 23.Nf3 Nxc1 24.Raxc1 Bxb2 25.Rc2 Ba3 26.Rc6 O-O 27.
Rxa6 Ra8 28.Rb6 Ra5 29.Rb1 Bc5 30.R6xb5 Rxb5 31.Rxb5 Bxf2 32.g4 Ra8 33.Rb2
Bc5 34.Rc2 Be7 35.Kg3 Kf8 36.a4 Ke8 37.Rc4 Kd7 38.Kf4 f6 39.Ke4 Ra6 40.h4 
Ra7 41.Nd4 Ra8 42.e6+ Ke8 43.Nc6 Ra6 44.Kd5 Ba3 45.a5 Be7 46.Rc1 Bf8 47.
Rb1 1-0

[Event "5th Essent op"]
[Site "Hoogeveen NED"]
[Date "2001.10.20"]
[Round "9.2"]
[White "Epishin, Vladimir"]
[Black "Hort, Vlastimil"]
[Result "0-1"]
[WhiteElo "2583"]
[BlackElo "2519"]
[EventDate "2001.10.12"]
[PlyCount "78"]

1.d4 d5 2.c4 dxc4 3.Nf3 Nf6 4.e3 e6 5.Bxc4 c5 6.O-O a6 7.Bb3 Nc6 8.Nc3 
cxd4 9.exd4 Be7 10.Bg5 O-O 11.Qd2 b5 12.Rad1 Na5 13.Bc2 Bb7 14.Qf4 b4 15.
d5 bxc3 16.Qh4 h5 17.dxe6 Qc7 18.Bxf6 Bxf6 19.Qxh5 g6 20.exf7+ Rxf7 21.
Qxg6+ Kf8 22.Ng5 Bxg5 23.Qxg5 Bxg2 24.Qxg2 Rg7 25.Bg6 Qc6 26.Rd6 Qxd6 27.
Qxa8+ Ke7 28.Qe4+ Kd8 29.Kh1 Rxg6 30.bxc3 Qc6 31.Re1 Re6 32.Rd1+ Kc7 33.
Qxc6+ Rxc6 34.Rd3 Nc4 35.Kg2 Nb2 36.Rg3 Na4 37.h4 Nxc3 38.a3 Ne4 39.Rg7+ 
Kb6 0-1

[Event "5th Essent op"]
[Site "Hoogeveen NED"]
[Date "2001.10.20"]
[Round "9.4"]
[White "Visser, Yge"]
[Black "Guliev, Sarhan"]
[Result "0-1"]
[WhiteElo "2453"]
[BlackElo "2489"]
[EventDate "2001.10.12"]
[PlyCount "82"]

1.e4 c6 2.d4 d5 3.Nd2 dxe4 4.Nxe4 Bf5 5.Ng3 Bg6 6.Nf3 Nd7 7.Bc4 e6 8.Qe2 
Ngf6 9.O-O Be7 10.c3 O-O 11.Nh4 Re8 12.Nxg6 hxg6 13.Ne4 Nxe4 14.Qxe4 Nb6 
15.Bb3 a5 16.Rd1 a4 17.Bc2 Bf6 18.Bf4 a3 19.b4 Nd5 20.Rd3 Qe7 21.Re1 Rad8 
22.Be5 Bxe5 23.Qxe5 Qf6 24.g3 Qxe5 25.Rxe5 f6 26.Re1 g5 27.h4 gxh4 28.gxh4
Kf7 29.Kh2 Rh8 30.Kg3 g5 31.hxg5 Rdg8 32.f4 fxg5 33.f5 exf5 34.Re5 Kf6 35.
Rf3 f4+ 36.Kg2 g4 37.Rf1 Rg5 38.c4 f3+ 39.Kg1 Nxb4 40.Bb1 Rxe5 41.dxe5+ 
Kxe5 0-1

[Event "5th Essent op"]
[Site "Hoogeveen NED"]
[Date "2001.10.20"]
[Round "9.5"]
[White "Vuilleumier, Alexandre"]
[Black "Markus, John Raymond"]
[Result "0-1"]
[WhiteElo "2150"]
[BlackElo "2253"]
[EventDate "2001.10.12"]
[PlyCount "54"]

1.e4 e5 2.Nf3 Nc6 3.Nc3 Nf6 4.Bb5 Nd4 5.Nxd4 exd4 6.e5 dxc3 7.exf6 Qxf6 8.
dxc3 Qe5+ 9.Qe2 Qxe2+ 10.Kxe2 Be7 11.Be3 O-O 12.Rhe1 c6 13.Bd3 d5 14.c4 
Be6 15.cxd5 Bxd5 16.Kf1 Bf6 17.Rad1 Bxb2 18.c4 Be6 19.Rb1 Rfd8 20.Be2 Bc3 
21.Rec1 Bd2 22.Bxd2 Rxd2 23.Rxb7 Rxa2 24.Rc7 a5 25.Rxc6 a4 26.Bf3 Rb8 27.
Ra6 Bxc4+ 0-1

[Event "5th Essent op"]
[Site "Hoogeveen NED"]
[Date "2001.10.20"]
[Round "9.7"]
[White "Bertholee, Rob"]
[Black "Hulshof, Peter"]
[Result "1/2-1/2"]
[WhiteElo "2382"]
[BlackElo "2200"]
[EventDate "2001.10.12"]
[PlyCount "133"]

1.Nc3 g6 2.d4 Bg7 3.e4 c6 4.Nf3 d5 5.h3 Nf6 6.e5 Ne4 7.Nxe4 dxe4 8.Ng5 c5 
9.e6 Bxe6 10.Nxe6 fxe6 11.dxc5 Qxd1+ 12.Kxd1 O-O 13.Ke1 Nd7 14.c6 bxc6 15.
Bc4 Kf7 16.Ke2 Ne5 17.Bb3 c5 18.Rd1 c4 19.Ba4 Rab8 20.Rb1 c3 21.b3 Nd3 22.
Bc6 Nxc1+ 23.Rbxc1 Rb6 24.Bxe4 Rd6 25.Rb1 Rfd8 26.Bd3 Bd4 27.b4 e5 28.a4 
h5 29.a5 g5 30.b5 Kg7 31.Ra1 g4 32.Be4 Bc5 33.Rd3 Rxd3 34.cxd3 Bd4 35.Ra2 
gxh3 36.gxh3 Rc8 37.Bc6 a6 38.Kd1 axb5 39.Bxb5 Rb8 40.Bc4 Rb1+ 41.Ke2 Rb2+
42.Rxb2 cxb2 43.Ba2 h4 44.Kf3 Kf6 45.a6 Kf5 46.Bb1 Ke6 47.Kg4 Bxf2 48.d4 
Bxd4 49.Kxh4 Kd5 50.Kg4 e4 51.h4 e3 52.Kf3 Kc6 53.h5 Kb6 54.Bd3 b1=Q 55.
Bxb1 Kxa6 56.Ke4 Kb6 57.Bd3 Bg7 58.Kxe3 Kc6 59.Kf4 Kd5 60.Kf5 Kd4 61.Kg6 
Be5 62.Bf5 Ke3 63.h6 Kf4 64.h7 Kg3 65.Kf7 Bf6 66.h8=Q Bxh8 67.Kxe7 1/2-1/2